[Event "Mecklenburg VP-chC"]
[Site "Greifswald"]
[Date "2024.03.25"]
[Round "5"]
[White "Wolter, Guenter"]
[Black "Rosenthal, Christopher"]
[Result "1-0"]
[WhiteElo "1842"]
[BlackElo "1779"]
[PlyCount "81"]
[EventDate "2024.03.23"]
[EventType "swiss"]
[EventRounds "7"]
[EventCountry "GER"]
[SourceTitle "CB14_2024"]
[SourceDate "2024.04.01"]
[SourceVersion "1"]
[SourceVersionDate "2024.04.01"]
[SourceQuality "1"]

1. e4 c5 2. Nc3 g6 3. g3 Bg7 4. Bg2 Nc6 5. d3 Nf6 6. f4 d6 7. Nf3 0-0 8. 0-0 Ng4 9. Ne2 Qb6 10. c3 f5 11. Qb3+ Kh8 12. Qxb6 axb6 13. h3 fxe4 14. dxe4 Nh6 15. Be3 Be6 16. Nd2 Bg8 17. a3 Na5 18. g4 Nc4 19. Nxc4 Bxc4 20. Rf2 e5 21. f5 g5 22. Bxg5 Ng8 23. Ng3 h6 24. Bh4 Bf6 25. Bxf6+ Nxf6 26. Rd1 Rad8 27. Bf1 Bb3 28. Rdd2 Kg8 29. Bb5 d5 30. exd5 Nxd5 31. Ne4 c4 32. h4 Kf7 33. g5 Rg8 34. g6+ Kg7 35. h5 Nf6 36. Nxf6 Kxf6 37. Bd7 Rgf8 38. Rd6+ Ke7 39. Rfd2 Rxf5 40. Bxf5 Rxd6 41. Rxd6 1-0

[Event "Neubrandenburg-chA"]
[Site "Neubrandenburg"]
[Date "2022.04.10"]
[Round "4"]
[White "Onasch, Gunnar"]
[Black "Wolter, Guenter"]
[Result "1/2-1/2"]
[WhiteElo "1822"]
[BlackElo "1819"]
[PlyCount "42"]
[EventDate "2022.04.09"]
[EventType "swiss"]
[EventRounds "7"]
[EventCountry "GER"]
[SourceTitle "CBM 207 Extra"]
[Source "ChessBase"]
[SourceDate "2022.05.31"]
[SourceVersion "1"]
[SourceVersionDate "2022.05.31"]
[SourceQuality "1"]

1. d4 Nf6 2. c4 g6 3. Nc3 Bg7 4. e4 d6 5. f3 0-0 6. Be3 e5 7. d5 a6 8. Nge2 Nbd7 9. b4 b6 10. Nc1 Nh5 11. Nd3 f5 12. Qd2 fxe4 13. Nxe4 Ndf6 14. Ndf2 Bf5 15. Bd3 Nf4 16. 0-0 Nxd3 17. Qxd3 Nh5 18. Qd2 Qd7 19. Rac1 Bxe4 20. Nxe4 Nf6 21. Ng5 Bh6 1/2-1/2

[Event "Neubrandenburg-chA"]
[Site "Neubrandenburg"]
[Date "2022.04.09"]
[Round "2"]
[White "Wolter, Guenter"]
[Black "Fromm, Marius"]
[Result "0-1"]
[WhiteElo "1819"]
[BlackElo "2341"]
[PlyCount "60"]
[EventDate "2022.04.09"]
[EventType "swiss"]
[EventRounds "7"]
[EventCountry "GER"]
[SourceTitle "CBM 207 Extra"]
[Source "ChessBase"]
[SourceDate "2022.05.31"]
[SourceVersion "1"]
[SourceVersionDate "2022.05.31"]
[SourceQuality "1"]

1. e4 c5 2. Nc3 d6 3. g3 g6 4. Bg2 Bg7 5. f4 Nc6 6. Nf3 e6 7. 0-0 Nge7 8. d3 0-0 9. Rb1 Rb8 10. Ne2 b5 11. c3 b4 12. c4 d5 13. e5 Qa5 14. Ra1 Rd8 15. Qc2 b3 16. Qc3 Qa4 17. a3 Ba6 18. cxd5 Nxd5 19. Qd2 c4 20. Nc3 Nxc3 21. Qxc3 Rxd3 22. Qe1 c3 23. Rf2 c2 24. Bd2 Nd4 25. Nxd4 Qxd4 26. Bf1 Rxd2 27. Qxd2 Qxb2 28. Bxa6 Qxa1+ 29. Rf1 Qxf1+ 30. Kxf1 b2 0-1

[Event "Mecklenburg VP-ch MT"]
[Site "Greifswald"]
[Date "2021.06.25"]
[Round "4"]
[White "Wolter, Guenter"]
[Black "Schmidt, Paul1111"]
[Result "0-1"]
[WhiteElo "1868"]
[BlackElo "1915"]
[PlyCount "98"]
[EventDate "2021.06.24"]
[EventType "swiss"]
[EventRounds "7"]
[EventCountry "GER"]
[SourceTitle "EXT 2022"]
[Source "ChessBase"]
[SourceDate "2021.10.06"]
[SourceVersion "1"]
[SourceVersionDate "2021.10.06"]
[SourceQuality "1"]

1. Nf3 c5 2. g3 Nc6 3. Bg2 g6 4. 0-0 Bg7 5. c3 e6 6. e4 Nge7 7. d3 0-0 8. Bf4 d5 9. Nbd2 e5 10. exd5 Nxd5 11. Bg5 f6 12. Be3 Nxe3 13. fxe3 Qxd3 14. Qb3+ Kh8 15. Nc4 Be6 16. Qxb7 Bxc4 17. Qxc6 Qxe3+ 18. Rf2 Rac8 19. Qa4 Be6 20. Re1 Qd3 21. Qxa7 Bh6 22. Bf1 Qd5 23. c4 Qd7 24. Qxd7 Bxd7 25. Nd2 Kg7 26. Ne4 f5 27. Nc3 e4 28. Nd5 Be6 29. Nf4 Kf7 30. Rd2 Bg7 31. Red1 Bd4+ 32. Kg2 Rfd8 33. b3 Bf6 34. Rxd8 Rxd8 35. Rxd8 Bxd8 36. Kf2 g5 37. Ne2 Ba5 38. Ke3 h5 39. h3 Kf6 40. g4 hxg4 41. hxg4 f4+ 42. Kxe4 Bxg4 43. Nc1 Ke6 44. Be2 Bf5+ 45. Kf3 Bd2 46. Nd3 g4+ 47. Kf2 Be3+ 48. Ke1 f3 49. Bf1 Bxd3 0-1

[Event "Mecklenburg VP-ch MT"]
[Site "Greifswald"]
[Date "2019.04.15"]
[Round "6.8"]
[White "Kriese, Ralf"]
[Black "Wolter, Guenter"]
[Result "0-1"]
[WhiteElo "1727"]
[BlackElo "1849"]
[PlyCount "150"]
[EventDate "2019.04.13"]
[EventType "swiss"]
[EventRounds "7"]
[EventCountry "GER"]
[SourceTitle "EXT 2023"]
[Source "ChessBase"]
[SourceDate "2022.10.05"]
[SourceVersion "1"]
[SourceVersionDate "2022.10.05"]
[SourceQuality "1"]

1. e4 e6 2. d4 d5 3. exd5 exd5 4. Bd3 Nc6 5. c3 Nf6 6. Bf4 Bd6 7. Ne2 Bg4 8. f3 Be6 9. Qc2 Bxf4 10. Nxf4 Qd6 11. Nxe6 Qxe6+ 12. Qe2 Qxe2+ 13. Kxe2 0-0 14. Na3 Rfe8+ 15. Kf2 Re7 16. Rhe1 Rae8 17. Rxe7 Rxe7 18. Re1 a6 19. Rxe7 Nxe7 20. Nc2 g6 21. Ne3 Nc6 22. g4 Ne7 23. g5 Nh5 24. Ng4 Kg7 25. Bf1 Nf4 26. Nf6 c6 27. Ne8+ Kf8 28. Nd6 b5 29. Ke3 Ne6 30. f4 Ng7 31. Bh3 Nef5+ 32. Nxf5 gxf5 33. Bf1 Ne8 34. Bd3 Nd6 35. a4 Ke7 36. axb5 axb5 37. b3 Ke6 38. Kf3 Ne4 39. c4 dxc4 40. bxc4 Nd2+ 41. Kg3 Nxc4 42. Kh4 Ne3 43. Kh5 Ng2 44. d5+ Kxd5 45. Bxf5 Nxf4+ 46. Kh6 c5 47. Kg7 Ne6+ 48. Kf6 c4 49. h4 b4 50. h5 b3 51. Bxe6+ fxe6 52. g6 hxg6 53. hxg6 b2 54. g7 b1Q 55. g8Q Qf5+ 56. Ke7 c3 57. Qg2+ Qe4 58. Qa2+ Kd4 59. Qa4+ Kd3 60. Qd1+ Kc4 61. Qa4+ Kd5 62. Qb5+ Kd4 63. Qa4+ Ke3 64. Qa7+ Qd4 65. Qa3 Ke2 66. Qa2+ Qd2 67. Qa6+ Qd3 68. Qa5 c2 69. Qe5+ Qe3 70. Qh5+ Kd3 71. Qd5+ Kc3 72. Qa5+ Kb2 73. Qb4+ Qb3 74. Qd4+ Ka2 75. Qd2 Qb2 0-1

[Event "Mecklenburg VP-ch MT"]
[Site "Greifswald"]
[Date "2019.04.13"]
[Round "1.4"]
[White "Wolter, Guenter"]
[Black "Schmidt, Peter2222"]
[Result "0-1"]
[WhiteElo "1849"]
[BlackElo "2108"]
[PlyCount "44"]
[EventDate "2019.04.13"]
[EventType "swiss"]
[EventRounds "7"]
[EventCountry "GER"]
[SourceTitle "EXT 2023"]
[Source "ChessBase"]
[SourceDate "2022.10.05"]
[SourceVersion "1"]
[SourceVersionDate "2022.10.05"]
[SourceQuality "1"]

1. e4 d5 2. exd5 Qxd5 3. Nc3 Qd8 4. d4 g6 5. Bf4 Bg7 6. Be5 Nf6 7. Nf3 0-0 8. Qd2 Nbd7 9. Bf4 c6 10. 0-0-0 b5 11. Bd3 Nb6 12. h3 b4 13. Ne4 Qd5 14. Nxf6+ Bxf6 15. Qxb4 Qxa2 16. b3 Nd5 17. Qc5 Nxf4 18. Kd2 Nxd3 19. Kxd3 Qa6+ 20. Ke3 Qb6 21. Qc3 e5 22. Qc5 exd4+ 0-1

[Event "GER-chB Seniors 29th"]
[Site "Berlin"]
[Date "2017.08.16"]
[Round "9"]
[White "Nemoj, Ilja"]
[Black "Wolter, Guenter"]
[Result "1-0"]
[WhiteElo "1775"]
[BlackElo "1825"]
[PlyCount "117"]
[EventDate "2017.08.07"]
[EventType "swiss"]
[EventRounds "9"]
[EventCountry "GER"]
[SourceTitle "EXT 2019"]
[Source "ChessBase"]
[SourceDate "2018.10.10"]
[SourceVersion "1"]
[SourceVersionDate "2018.10.10"]
[SourceQuality "1"]

1. d4 Nf6 2. e3 e6 3. Bd3 b6 4. f4 Bb7 5. Nf3 d5 6. 0-0 Nbd7 7. Bd2 Be7 8. Qe2 0-0 9. h3 Ne4 10. Be1 f5 11. Nbd2 Ndf6 12. Ne5 Nxd2 13. Bxd2 Ne4 14. Bxe4 dxe4 15. g4 Bd6 16. Nc4 Ba6 17. b3 c5 18. c3 Rc8 19. Rac1 Rc6 20. Qg2 Bxc4 21. bxc4 cxd4 22. cxd4 Qc7 23. Kh1 Rc8 24. gxf5 exf5 25. Rg1 Qf7 26. c5 bxc5 27. d5 R6c7 28. Bc3 Bf8 29. Rcd1 Rd7 30. Be5 Rcd8 31. d6 g6 32. Qc2 Bxd6 33. Bxd6 Rxd6 34. Rxd6 Rxd6 35. Qxc5 Rd3 36. a4 Qb3 37. Qxf5 Rxe3 38. Qc8+ Kg7 39. Qd7+ Kh6 40. Kh2 Re2+ 41. Rg2 Rxg2+ 42. Kxg2 Qf3+ 43. Kg1 Qg3+ 44. Kh1 e3 45. f5 Qxh3+ 46. Kg1 Qxf5 47. Qxa7 e2 48. Qe3+ Qg5+ 49. Qxg5+ Kxg5 50. Kf2 Kf4 51. a5 g5 52. a6 g4 53. Kxe2 h5 54. a7 Kg3 55. a8Q h4 56. Qf8 Kg2 57. Qf2+ Kh3 58. Qg1 g3 59. Kf3 1-0

[Event "Mecklenburg VP-ch MT"]
[Site "Greifswald"]
[Date "2016.04.28"]
[Round "2.6"]
[White "Dettmann, Holger"]
[Black "Wolter, Guenter"]
[Result "1-0"]
[WhiteElo "2011"]
[BlackElo "1834"]
[PlyCount "91"]
[EventDate "2016.04.28"]
[EventType "swiss"]
[EventRounds "7"]
[EventCountry "GER"]
[SourceTitle "EXT 2023"]
[Source "ChessBase"]
[SourceDate "2022.10.05"]
[SourceVersion "1"]
[SourceVersionDate "2022.10.05"]
[SourceQuality "1"]

1. d4 Nf6 2. Nc3 e6 3. Bf4 Bb4 4. f3 Nd5 5. Qd2 d6 6. e4 Nxf4 7. Qxf4 Nc6 8. Bb5 Bd7 9. Nge2 0-0 10. Bxc6 Bxc6 11. 0-0 Qe7 12. Qg3 a6 13. Rad1 Bb5 14. Nxb5 axb5 15. Nc1 Ba5 16. Kh1 Bb6 17. a3 Rfd8 18. f4 f5 19. exf5 exf5 20. Qb3+ Qf7 21. Qxb5 Re8 22. c3 Ba5 23. Rde1 Rxe1 24. Rxe1 c6 25. Qb3 Qxb3 26. Nxb3 Bc7 27. Re7 Rc8 28. g3 b6 29. Nc1 Kf8 30. Re2 Re8 31. Rxe8+ Kxe8 32. Kg2 Ke7 33. Kf3 h5 34. Nd3 Ke6 35. Nb4 c5 36. d5+ Kd7 37. Nc6 Ke8 38. a4 Kd7 39. b4 Bd8 40. Nxd8 Kxd8 41. g4 fxg4+ 42. Kg3 g6 43. Kh4 Ke7 44. Kg5 cxb4 45. cxb4 Kd7 46. f5 1-0

[Event "GER-ch Seniors"]
[Site "Dresden"]
[Date "2012.08.12"]
[Round "4"]
[White "Wolter, Guenter"]
[Black "Gabriel, Wolfram"]
[Result "1-0"]
[WhiteElo "1877"]
[BlackElo "1722"]
[PlyCount "69"]
[EventDate "2012.08.09"]
[EventType "swiss"]
[EventRounds "9"]
[EventCountry "GER"]
[SourceTitle "EXT 2014"]
[Source "ChessBase"]
[SourceDate "2013.11.20"]
[SourceVersion "1"]
[SourceVersionDate "2013.11.20"]
[SourceQuality "1"]

1. e4 e5 2. Nf3 Nc6 3. Bb5 a6 4. Ba4 Nf6 5. 0-0 b5 6. Bb3 Be7 7. Re1 0-0 8. c3 d5 9. d3 dxe4 10. dxe4 Qxd1 11. Bxd1 Rd8 12. Bg5 h6 13. Bh4 Nxe4 14. Bxe7 Nxe7 15. Nxe5 Nf5 16. Bf3 Re8 17. Rxe4 f6 18. Ng6 Be6 19. Nd2 Rad8 20. Nb3 Nd6 21. Re2 Bf5 22. Ne7+ Kf8 23. Nxf5 Nxf5 24. Rxe8+ Rxe8 25. g3 Nd6 26. Nc5 a5 27. b3 Kg8 28. Kf1 Re5 29. Nd3 Re8 30. Re1 Rd8 31. Nf4 Kh7 32. Re7 Rc8 33. Ne6 Re8 34. Rxe8 Nxe8 35. Bc6 1-0

[Event "GER-ch Seniors"]
[Site "Dresden"]
[Date "2012.08.11"]
[Round "3"]
[White "Ollek, Karl Heinz"]
[Black "Wolter, Guenter"]
[Result "0-1"]
[WhiteElo "1770"]
[BlackElo "1877"]
[PlyCount "58"]
[EventDate "2012.08.09"]
[EventType "swiss"]
[EventRounds "9"]
[EventCountry "GER"]
[SourceTitle "EXT 2014"]
[Source "ChessBase"]
[SourceDate "2013.11.20"]
[SourceVersion "1"]
[SourceVersionDate "2013.11.20"]
[SourceQuality "1"]

1. c4 c5 2. Nc3 Nf6 3. Nf3 e6 4. e4 d6 5. d3 Nc6 6. Bg5 Be7 7. Be2 h6 8. Bd2 0-0 9. 0-0 a6 10. a4 Bd7 11. Na2 Nd4 12. e5 dxe5 13. Nxe5 Nxe2+ 14. Qxe2 Bxa4 15. b4 Qc7 16. Nc1 Bc6 17. bxc5 Bxc5 18. Nb3 Bd6 19. Bc3 Nd7 20. d4 Nxe5 21. dxe5 Be7 22. Rfd1 Rac8 23. Rac1 Ba4 24. Nd2 Bxd1 25. Qxd1 Rfd8 26. Qf1 Bg5 27. f4 Be7 28. h3 Bc5+ 29. Kh2 Be3 0-1

[Event "GER-ch Seniors 23rd"]
[Site "Halle"]
[Date "2011.08.07"]
[Round "3"]
[White "Wolter, Guenter"]
[Black "Liebscher, Helmar"]
[Result "0-1"]
[WhiteElo "1859"]
[BlackElo "2065"]
[PlyCount "82"]
[EventDate "2011.08.05"]
[EventType "swiss"]
[EventRounds "9"]
[EventCountry "GER"]
[SourceTitle "CBM 144 Extra"]
[Source "ChessBase"]
[SourceDate "2011.10.28"]
[SourceVersion "1"]
[SourceVersionDate "2011.10.28"]
[SourceQuality "1"]

1. e4 e5 2. Nf3 Nc6 3. Bb5 a6 4. Ba4 Nf6 5. 0-0 b5 6. Bb3 Bb7 7. Re1 Bc5 8. h3 d6 9. c3 Qe7 10. d3 0-0-0 11. Bg5 h6 12. Bxf6 Qxf6 13. Bd5 g5 14. b4 Bb6 15. Rf1 h5 16. Nh2 Ne7 17. Bxb7+ Kxb7 18. a4 g4 19. Nd2 gxh3 20. g3 Rdg8 21. Kh1 h4 22. g4 Qf4 23. Qe2 d5 24. axb5 axb5 25. d4 Ra8 26. exd5 Nxd5 27. c4 Rxa1 28. Rxa1 Bxd4 29. cxd5 Bxa1 30. Qxb5+ Kc8 31. Qa6+ Kd8 32. Qa8+ Kd7 33. Qc6+ Kd8 34. Qa8+ Ke7 35. Qxa1 Qxd2 36. Qxe5+ Kd7 37. Nf3 Qd1+ 38. Ne1 Re8 39. Qf5+ Kd8 40. Qf6+ Re7 41. Qh8+ Kd7 0-1

[Event "GER-ch Seniors 23rd"]
[Site "Halle"]
[Date "2011.08.06"]
[Round "2"]
[White "Garms, Ilse"]
[Black "Wolter, Guenter"]
[Result "0-1"]
[WhiteElo "1778"]
[BlackElo "1859"]
[PlyCount "94"]
[EventDate "2011.08.05"]
[EventType "swiss"]
[EventRounds "9"]
[EventCountry "GER"]
[SourceTitle "CBM 144 Extra"]
[Source "ChessBase"]
[SourceDate "2011.10.28"]
[SourceVersion "1"]
[SourceVersionDate "2011.10.28"]
[SourceQuality "1"]

1. d4 d5 2. c4 e5 3. e3 dxc4 4. Qa4+ c6 5. Qxc4 Be6 6. Qd3 Nf6 7. dxe5 Qa5+ 8. Bd2 Qxe5 9. Bc3 Qc7 10. Nf3 Nbd7 11. Be2 Be7 12. Nbd2 Rd8 13. Qc2 Bg4 14. Rc1 h6 15. Ne4 0-0 16. 0-0 Bh5 17. Nxf6+ Bxf6 18. Bxf6 Nxf6 19. Nd4 Rd5 20. Bc4 Bg6 21. Qe2 Rh5 22. f4 Be4 23. Rf2 Qd7 24. Bd3 Bxd3 25. Qxd3 Ng4 26. Rf3 Nxh2 27. Rg3 Ng4 28. Qc3 Rd5 29. Kf1 Nxe3+ 30. Rxe3 Rxd4 31. Rf3 Re8 32. Re1 Rxe1+ 33. Kxe1 Re4+ 34. Kf2 Qe7 35. Kg3 Qe6 36. Qd3 Re2 37. f5 Qe5+ 38. Kh3 Rxb2 39. Re3 Qd5 40. Qf1 Rxa2 41. Rd3 Qe4 42. Rf3 Ra4 43. g3 Qg4+ 44. Kg2 Ra2+ 45. Rf2 Qe4+ 46. Kh3 Rxf2 47. Qxf2 a5 0-1

[Event "GER-ch Seniors 23rd"]
[Site "Halle"]
[Date "2011.08.05"]
[Round "1"]
[White "Wolter, Guenter"]
[Black "Villing, Dieter"]
[Result "0-1"]
[WhiteElo "1859"]
[BlackElo "2146"]
[PlyCount "76"]
[EventDate "2011.08.05"]
[EventType "swiss"]
[EventRounds "9"]
[EventCountry "GER"]
[SourceTitle "CBM 144 Extra"]
[Source "ChessBase"]
[SourceDate "2011.10.28"]
[SourceVersion "1"]
[SourceVersionDate "2011.10.28"]
[SourceQuality "1"]

1. e4 c5 2. Nc3 Nc6 3. g3 g6 4. Bg2 Bg7 5. d3 e6 6. f4 Nge7 7. Nf3 0-0 8. 0-0 d6 9. Ne2 f5 10. c3 Bd7 11. Be3 Qc7 12. Ng5 h6 13. Nf3 Kh7 14. Qc2 Rac8 15. Rac1 b6 16. a3 Qb7 17. Qb1 Qa6 18. c4 b5 19. e5 dxe5 20. Bxc5 bxc4 21. dxc4 e4 22. Nd2 Rfd8 23. Nc3 Be8 24. Be3 Rd3 25. Kf2 Rcd8 26. Rfd1 Bd4 27. Bxd4 Nxd4 28. Bf1 e3+ 29. Kg1 Rxd2 30. Rxd2 exd2 31. Rd1 Nf3+ 32. Kg2 Ne1+ 33. Kh3 Qd6 34. b4 Bc6 35. Qb3 Bf3 36. Ne2 Bg4+ 37. Kh4 g5+ 38. fxg5 Ng6# 0-1